|
|
|
|
| LEADER |
00000cam a2200000 i 4500 |
| 005 |
20111109144822.0 |
| 007 |
cr|||| |||| |
| 008 |
040201s1911 sp 000 0 spa d |
| 020 |
|
|
|a 978-84-9849-827-1
|
| 035 |
|
|
|a 5781
|
| 040 |
|
|
|a NoBUC-Troa
|d SpMaUCCE
|d BUS
|d vLex
|
| 090 |
|
|
|c 2751
|d 2751
|
| 100 |
1 |
|
|a Gonzl̀ez-Meneses, Manuel.
|
| 245 |
1 |
0 |
|a Modificaciones estructurales de las sociedades mercantiles
|h [Recurso electrn̤ico] /
|c Manuel Gonzl̀ez-Meneses, Segismundo ℓlvarez.
|
| 256 |
|
|
|a Servicio en ln̕ea
|
| 260 |
|
|
|a Madrid
|b : Dykinson,
|c 2011.
|
| 300 |
|
|
|a 1 recurso electrn̤ico
|
| 490 |
0 |
|
|a Estudios mercantiles,
|v 1
|
| 500 |
|
|
|a La presente monografa̕, sobre modificaciones estructurales de las sociedades, constituye el primer nm︢ero de la flamante coleccin̤ Estudios Mercantiles de la editorial Dykinson. Su temt̀ica an︢a las dos notas caracters̕ticas de la coleccin̤: actualidad e interš prc̀tico. En este caso, adems̀, desentraąda por dos profesionales expertos en la problemt̀ica real que genera esta materia.
|
| 506 |
1 |
|
|a Contenido solo disponible en los productos indicados
|d vLex Global
|d vLex Global (Academic Edition, excluding Law Schools)
|d vLex Global (U.S. Academic Edition, Law Schools)
|d vLex Global (U.S. Academic Edition, excluding Law Schools)
|d vLex Global (Academic Edition, Law Schools)
|
| 650 |
0 |
4 |
|a Sociedades -
|x Derecho -
|z Espaą.
|
| 700 |
1 |
|
|a ℓlvarez, Segismundo,
|e coaut.
|
| 740 |
0 |
|
|a vLex Libros (Servicio en ln̕ea)
|
| 856 |
4 |
0 |
|u http://vlex.com/source/modificaiones-estructurales-sociedades-mercantiles-5781
|z Acceso restringido
|
| 942 |
|
|
|c BOOK
|